000 00477nam a2200145 a 4500
008 120416s0000 ||||||||||||||||| || u
020 _a0859741346
050 _aPR 6070.C3B4
100 _aTchernine, Odette
245 1 0 _aBeyond the brief
260 _aLondon
_bBachman and Turner
_c1986
300 _a268p.
350 _a0.00
995 _D0.00
_FCBU-MAIN LIBRARY (Kitwe)
_H1
_I5.95
_M1
_UAVAILABLE
_WAug 14, 2006
_ZFiction Collection
999 _c35810
_d35810